MDQL
is popping MORE tags! Check the
thread
!
Quizzes
Events
Quiz Creation
Community
Videos
Private Events
Remove Ads
Sign In
Join for FREE
Feedback
Dark Mode
Quiz Categories
Sports
Geography
Music
Movies
Television
Just For Fun
Miscellaneous
History
Literature
Language
Science
Gaming
Entertainment
Religion
Holiday
For Kids
Quiz Lab
Recent
Popular Today
Quiz Kudos Today
Editor Picks
Curator Picks
Quizzes by...
Day
Popularity
Type
Ratings
Length
Year
Community
Subscriptions
Recent Discussions
Orange Saloon
Badges
Playlists
Quests
Create
Leaderboards
Showdown
Live 5
Trivia Bingo
Activity
Puzzle Library
Sporcle Events
Private Events
Virtual Trivia
Globe League
Become a Host
Pub Owners
SporcleCon
Opinionation
Our Games
Videos
Blog
Mobile Apps
Partnerships
Remove Ads and Go Orange
Feedback
Sports
Athletes
MLB
NBA
NHL
NFL
Soccer
Sports Teams
WWE
NCAA
Football
Premier League
Basketball
Baseball
Hockey
Golf
Tennis
Cricket
Rugby
Auto Racing
Olympics
World Cup
Sports
Athletes
MLB
NBA
NHL
NFL
Soccer
Sports Teams
WWE
NCAA
Football
Premier League
Basketball
Baseball
Hockey
Golf
Tennis
Cricket
Rugby
Auto Racing
Olympics
World Cup
Random Quiz
Search Sporcle
×
Quiz Lab
Quiz Lab
Sports
NCAA
Type in answers that appear in a list
Type in answers that appear in a list
Classic
Best Score? Go Orange.
Can name ncaa mens ice hockey winners Stats
Can you name the NCAA Mens Ice Hockey Title Winners?
By
chubbyjosh
8m
62 Questions
28 Plays
28 Plays
28 Plays
Comments
Comments
Give Quiz Kudos
Give Quiz Kudos
-
- Ratings
hide this ad
Forced Order
Answers have to be entered in order
Answers have to be entered in order
Replay
Link that replays current quiz
Next Quiz
Link to next quiz in quiz playlist
You Got
0%
They Got
Avg Score
36%
Avg Friend Score
Upgrade to see
Score Distribution
Jump to the score distribution portion of the page
Score
0/62
Timer
08:00
0
Plays Today
year
team
% Correct
2009
Boston University
66.7%
1948
Michigan
63%
2006
Wisconsin
63%
2000
North Dakota
55.6%
2008
Boston College
55.6%
1951
Michigan
51.9%
1952
Michigan
51.9%
1953
Michigan
51.9%
2001
Boston College
51.9%
2002
Minnesota
51.9%
2003
Minnesota
51.9%
2004
Denver
51.9%
2005
Denver
51.9%
2007
Michigan State
48.1%
1955
Michigan
44.4%
1996
Michigan
44.4%
1997
North Dakota
40.7%
1998
Michigan
40.7%
1956
Michigan
37%
1971
Boston University
37%
1972
Boston University
37%
1976
Minnesota
37%
1979
Minnesota
37%
1989
Harvard
37%
1993
Maine
37%
1995
Boston University
37%
1999
Maine
37%
1949
Boston College
33.3%
1950
Colorado College
33.3%
1978
Boston University
33.3%
1980
North Dakota
33.3%
year
team
% Correct
1981
Wisconsin
33.3%
1982
North Dakota
33.3%
1992
Lake Superior State
33.3%
1957
Colorado College
29.6%
1974
Minnesota
29.6%
1983
Wisconsin
29.6%
1987
North Dakota
29.6%
1990
Wisconsin
29.6%
1994
Lake Superior State
29.6%
1969
Denver
25.9%
1970
Cornell
25.9%
1973
Wisconsin
25.9%
1975
Michigan Tech
25.9%
1977
Wisconsin
25.9%
1958
Denver
22.2%
1964
Michigan
22.2%
1968
Denver
22.2%
1984
Bowling Green
22.2%
1986
Michigan State
22.2%
1959
North Dakota
18.5%
1960
Denver
18.5%
1961
Denver
18.5%
1963
North Dakota
18.5%
1967
Cornell
18.5%
1985
Rensselaer
18.5%
1954
Rensselaer
14.8%
1962
Michigan Tech
14.8%
1965
Michigan Tech
14.8%
1966
Michigan State
14.8%
1988
Lake Superior State
14.8%
1991
Northern Michigan
14.8%
Quiz Playlist
Details
Report
Send in Message
Add To Playlist
Classic:
Type in answers that appear in a list
Forced Order:
Answers have to be entered in order
Last Updated: Feb 16, 2017
Quiz Scoreboard
CHALLENGE
Sign Up to Join the Scoreboard
Show All
Scores
Hide
Comments
May contain spoilers
Recently Published
Two Season TV Shows II
by 123Four
Television
10m
Image Sorting: Flags VI
by Barbecue
Geography
2m
Find the 'City' Movie
by crazypaving
Movies
60s
More to Explore
Quiz From the Vault
Featured Blog Post
14 Easter Pick-up Lines to Find Eggs With
hide this ad
You Might Also Like...
Tags
Hockey Quiz
NCAA Quiz
ice
men
NCAA Mens
Runner
team
Title Winners
Winner
Today's Top Quizzes in Sports
Browse Sports
hide this ad
Today's Top Quizzes in NCAA
Browse NCAA
Top Contributed Quizzes in Sports
1
Les meilleurs buteurs des matchs entre le PSG et l’OM
2
Les entraîneurs de l'OM et du PSG au 21e siècle
3
2022 World Cup Stars
4
Les joueurs passés par le PSG et l'OM
5
Players with Multiple 50 Home Run Seasons
6
FIFA Club World Cup Champions
7
Criteria MLB: Left Handed Sluggers
8
Les joueurs passés par le LOSC et le RC Lens
9
Top 10 NHL Goal Scorers of All Time
10
MLB Players with Two .350 Batting Average Seasons
Explore More
Trending Topics
NBA
Anime
Kpop
Marvel
Crossword
Disney
Harry Potter
Country
The Office
WWE
Soccer
Puzzle
NFL
Pokémon
Song
hide this ad
More By:
chubbyjosh
Quiz
Plays
Rating
Category
Featured
Created
Can name ncaa mens ice hockey winners
28
1.00
Sports
Oct 11, 2009
Go to Creator's Profile
Score Distribution
Quiz Creator Spotlight
chubbyjosh
Follow
Send a Message
Quizzes Created
-
Created Quiz Play Count
-
More By This Creator
Popular Quizzes Today
1
Find the US States - No Outlines Minefield
2
Colored Red Africa Blitz
3
Find the 'City' Movie
4
5x2 Blitz: Bands
5
The Countries of the World
6
Find the Countries of Europe - No Outlines Minefield
7
Find the US States
8
US States
More Sports Quizzes
Who Did They Play For?
Quiz Lab
Trending Quizzes
Colored Red Europe Blitz I
Colored Red Africa Blitz II
Colored Red Europe Blitz II
Colored Red Europe Blitz III
Colored Red Africa Blitz III
Recently Updated
How Do You Spell That?
pecheneg
Godzilla Movies
pecheneg
Grab Bag: 4-10 Letters
pecheneg
2024 March Madness Bracket
pecheneg
Famous TV Couples
Peacemaker
Champions League XIs: Real Madrid
pecheneg
Largest US Cities 1790-2010
pecheneg
Rides in Walt Disney World
pecheneg
Most Oscar Losses (Acting)
pecheneg
Beyoncé Albums
pecheneg
Trending Topics
Anime
NBA
Harry Potter
Crossword
Disney
Kpop
Marvel
The Office
Country
Puzzle
WWE
Soccer
Song
NFL
Pokémon
Your Account Isn't Verified!
In order to create a playlist on Sporcle, you need to verify the email address you used during registration. Go to your
Sporcle Settings
to finish the process.
Report this User
Report this user for behavior that violates our
Community Guidelines
.
Details:
Send Report
Go to the Sporcle.com Mobile Site →
Comments